000 00265nam a22001097a 4500
008 170124b xxu||||| |||| 00| 0 eng d
020 _a9780781764056
041 _aeng
080 _22ND
_a618.2
245 _aTAYLOR'S CLINICAL NURSING SKILLS
_cLYNN, P
942 _2udc
_cBK
999 _c3526
_d3526